000 00576nam a2200193 a 4500
001 000015956
003 DO-SdBNP
005 20260408173818.0
008 251106b |||||||| |||| 00| 0 spa d
040 _aDO-SdBNP
_bspa
_cBNPHU
082 4 _a342
_bS583i
100 1 _a Silié Gatón, José A.,
_d1920-2014
_9747
245 1 0 _aInstituciones de derecho público /
_cJosé A. Silié Gatón.
260 _aSanto Domingo :
_bCentenario,
_c1999.
300 _a604 p. ;
_c21 cm.
504 _aBibliografía : p. 594 -604
650 0 _a Derecho público
_935852
942 _2ddc
_cLBS1
999 _c15498
_d15498